[Event "Santo Domingo Duarte Memorial 6th"]
[Site "Santo Domingo"]
[Date "2017.01.28"]
[Round "2"]
[White "Valdez Cruz, Carlos Arturo"]
[Black "Coronado Paulino, Katerine E"]
[Result "0-1"]
[WhiteElo "1464"]
[BlackElo "1756"]
[PlyCount "32"]
[EventDate "2017.01.27"]
[EventType "swiss"]
[EventRounds "8"]
[EventCountry "DOM"]
[SourceTitle "CBM 176 Extra"]
[Source "ChessBase"]
[SourceDate "2017.03.02"]
[SourceVersion "1"]
[SourceVersionDate "2017.03.02"]
[SourceQuality "1"]

1. e4 c5 2. Bc4 Nc6 3. Qh5 e6 4. Nf3 g6 5. Qg4 Bg7 6. c3 d5 7. Bb5 Nf6 8. Qf4 Nxe4 9. Ne5 Bxe5 10. Qxe5 Qf6 11. Qc7 Qxf2+ 12. Kd1 0-0 13. g3 Qf3+ 14. Kc2 Qxh1 15. d3 Nf2 16. Bh6 Qd1# 0-1

[Event "Santo Domingo La Raza op"]
[Site "Santo Domingo"]
[Date "2015.10.13"]
[Round "3"]
[White "Araujo Sanchez, Josue"]
[Black "Valdez Cruz, Carlos Arturo"]
[Result "1-0"]
[WhiteElo "1771"]
[BlackElo "1533"]
[PlyCount "53"]
[EventDate "2015.10.12"]
[EventType "swiss"]
[EventRounds "8"]
[EventCountry "DOM"]
[SourceTitle "CBM 169 Extra"]
[Source "ChessBase"]
[SourceDate "2015.12.18"]
[SourceVersion "1"]
[SourceVersionDate "2015.12.18"]
[SourceQuality "1"]

1. e4 e5 2. Nf3 Nc6 3. g3 Nf6 4. d3 Bc5 5. Bg2 Ng4 6. 0-0 0-0 7. c3 h6 8. d4 Bb6 9. h3 Nf6 10. Re1 Re8 11. d5 Na5 12. b4 Nc4 13. Nbd2 Nd6 14. c4 Bd4 15. Nxd4 exd4 16. e5 Qe7 17. Bb2 Nh7 18. exd6 Qxe1+ 19. Qxe1 Rxe1+ 20. Rxe1 cxd6 21. Re8+ Nf8 22. Bxd4 f6 23. Ne4 a5 24. b5 h5 25. Nxd6 Rb8 26. Rxc8 Rxc8 27. Nxc8 1-0